Process systems analysis and control (Record no. 13575)

000 -LEADER
fixed length control field 00578nam a22002051 4500
001 - CONTROL NUMBER
control field 13575
003 - CONTROL NUMBER IDENTIFIER
control field BD-DhUET
008 - FIXED-LENGTH DATA ELEMENTS--GENERAL INFORMATION
fixed length control field 730306s1965 nyua b 000 0 eng
040 ## - CATALOGING SOURCE
Original cataloging agency DLC
Transcribing agency DLC
Modifying agency BD-DhUET
082 ## - DEWEY DECIMAL CLASSIFICATION NUMBER
Classification number 660.284
Item number COU/1965
100 1# - MAIN ENTRY--PERSONAL NAME
Personal name Coughanowr, Donald R.
245 10 - TITLE STATEMENT
Title Process systems analysis and control
250 ## - EDITION STATEMENT
Edition statement 1st ed.
260 ## - PUBLICATION, DISTRIBUTION, ETC. (IMPRINT)
Place of publication, distribution, etc. New York
Name of publisher, distributor, etc. McGraw-Hill
Date of publication, distribution, etc. 1965
300 ## - PHYSICAL DESCRIPTION
Extent xii, 491 p.
Other physical details ill.
Dimensions 21 cm.
490 ## - SERIES STATEMENT
Series statement McGraw-Hill chemical engineering series
650 #0 - SUBJECT ADDED ENTRY--TOPICAL TERM
Topical term or geographic name as entry element Control devices process engineering
700 ## - ADDED ENTRY--PERSONAL NAME
Personal name Koppel, Lowell B.
942 ## - ADDED ENTRY ELEMENTS (KOHA)
Koha item type General Book
Holdings
Lost status Koha date last borrowed Koha date last seen Copy number Koha normalized classification for sorting Sublocation or collection (holding branch) Koha full call number Damaged status Koha item type Koha issues (times borrowed) Shelving location Location (home branch) Withdrawn status Source of classification or shelving scheme Date acquired Piece designation (barcode) Not for loan Price effective from
  2015-03-031660_284000000000000_COU_1965Central Library, BUET660.284/COU/1965 General Book Circulation sectionCentral Library, BUET  2015-03-0329699 2015-03-03
 2017-05-092017-05-092660_284000000000000_COU_1965Central Library, BUET660.284/COU/1965 General Book1Circulation sectionCentral Library, BUET  2015-03-0329689 2015-03-03
  2015-03-033660_284000000000000_COU_1965Central Library, BUET660.284/COU/1965 General Book Circulation sectionCentral Library, BUET  2015-03-0329697 2015-03-03
  2015-03-034660_284000000000000_COU_1965Central Library, BUET660.284/COU/1965 General Book Circulation sectionCentral Library, BUET  2015-03-0329692 2015-03-03
  2015-03-035660_284000000000000_COU_1965Central Library, BUET660.284/COU/1965 General Book Circulation sectionCentral Library, BUET  2015-03-0329698 2015-03-03
  2015-03-036660_284000000000000_COU_1965Central Library, BUET660.284/COU/1965 General Book Circulation sectionCentral Library, BUET  2015-03-0329690 2015-03-03
  2015-03-037660_284000000000000_COU_1965Central Library, BUET660.284/COU/1965 General Book Cataloging to CirculationCentral Library, BUET  2015-03-0329688 2015-03-03
  2015-03-048660_284000000000000_COU_1965Central Library, BUET660.284/COU/1965 General Book Circulation sectionCentral Library, BUET  2015-03-0434519 2015-03-04
  2015-05-119660_284000000000000_COU_1965Central Library, BUET660.284/COU/1965 General Book Circulation sectionCentral Library, BUET  2015-05-1129694 2015-05-11
  2015-05-1110660_284000000000000_COU_1965Central Library, BUET660.284/COU/1965 General Book Circulation sectionCentral Library, BUET  2015-05-1129696 2015-05-11
  2015-05-1311660_284000000000000_COU_1965Central Library, BUET660.284/COU/1965 General Book Circulation sectionCentral Library, BUET  2015-05-1329695 2015-05-13
  2015-05-1412660_284000000000000_COU_1965Central Library, BUET660.284/COU/1965 General Book Circulation sectionCentral Library, BUET  2015-05-1417869 2015-05-14
  2015-05-1813660_284000000000000_COU_1965Central Library, BUET660.284/COU/1965 General Book Circulation sectionCentral Library, BUET  2015-05-1815822 2015-05-18
  2015-06-2014660_284000000000000_COU_1965Central Library, BUET660.284/COU/1965 General Book Reading sectionCentral Library, BUET  2015-06-2029700 2015-06-20
  2015-06-2015660_284000000000000_COU_1965Central Library, BUET660.284/COU/1965 General Book Reading sectionCentral Library, BUET  2015-06-2029701 2015-06-20
  2015-07-1016660_284000000000000_COU_1965Central Library, BUET660.284/COU/1965 General Book Circulation sectionCentral Library, BUET  2015-07-1016716 2015-07-10